=LDR 00000nam 2200000 4500 =001 INLIS000000000010774 =005 20160915110042.0 =006 =007 =008 Ind =035 ##$$0010-061300000010774 =041 ##$$a Ind =082 ##$$a 410.073 =090 ##$$a 410.073 Soe e =100 ##$$a Soebardi, S =245 ##$$a Learn bahasa Indonesia 3 Pattern approach, S. Soebardi =260 ##$$a 1989 $b Jakarta =300 ##$$a xii,222 hlm, Bharata, 21 cm =650 ##$$a Bhasa Indonesia =850 ##$$a NBPNMAT =990 ##$$a 13731373 =990 ##$$a 00032592 =990 ##$$a 35.436/Pro-90 =990 ##$$a 0001/BPAP-NTB/2016